[Event "Benidorm Bali op-A"]
[Site "Benidorm"]
[Date "2023.12.08"]
[Round "9"]
[White "Munoz Avila, Jose Luis"]
[Black "Ilinca Ilinca, Felix Antonio"]
[Result "1-0"]
[WhiteElo "2238"]
[BlackElo "2423"]
[PlyCount "77"]
[EventDate "2023.12.01"]
[EventType "swiss"]
[EventRounds "9"]
[EventCountry "ESP"]
[SourceTitle "CB50_2023"]
[SourceDate "2023.12.13"]
[SourceVersion "1"]
[SourceVersionDate "2023.12.13"]
[SourceQuality "1"]

1. d4 Nf6 2. c4 c5 3. d5 b5 4. Qc2 b4 5. e4 d6 6. f4 g6 7. Bd3 Bg7 8. Nd2 0-0 9. Ndf3 a5 10. Rb1 e6 11. Ne2 exd5 12. exd5 Re8 13. h3 Ne4 14. 0-0 a4 15. Bxe4 Rxe4 16. g4 Re8 17. Ng3 Nd7 18. Bd2 a3 19. b3 Ra7 20. Rbe1 Rxe1 21. Rxe1 Nf6 22. g5 Nh5 23. Nxh5 Bf5 24. Qd1 gxh5 25. Nh4 Bxh3 26. Qxh5 Qd7 27. f5 Bc3 28. Bxc3 bxc3 29. Qf3 c2 30. Qxh3 Qe7 31. Rc1 Qe2 32. f6 Qd1+ 33. Kh2 Ra8 34. Qe3 Kf8 35. Nf5 Re8 36. Ne7 Qh5+ 37. Kg3 Qd1 38. g6 fxg6 39. Qh6+ 1-0

[Event "Alicante Easter op 5th"]
[Site "Alicante"]
[Date "2021.04.01"]
[Round "3"]
[White "Munoz Avila, Jose Luis"]
[Black "Diaz Camallonga, Carles"]
[Result "0-1"]
[WhiteElo "2202"]
[BlackElo "2469"]
[PlyCount "86"]
[EventDate "2021.03.31"]
[EventType "swiss"]
[EventRounds "9"]
[EventCountry "ESP"]
[SourceTitle "CBM 201 Extra"]
[Source "ChessBase"]
[SourceDate "2021.05.31"]
[SourceVersion "1"]
[SourceVersionDate "2021.05.31"]
[SourceQuality "1"]

1. d4 e6 2. c4 Nf6 3. g3 Bb4+ 4. Bd2 a5 5. Bg2 d6 6. e4 Nbd7 7. Ne2 e5 8. 0-0 0-0 9. Nbc3 exd4 10. Nxd4 Re8 11. Qc2 h6 12. h3 Ne5 13. b3 Bc5 14. Nf5 Nc6 15. Rad1 Bd7 16. Bc1 Qc8 17. Qb1 Ne7 18. Nxe7+ Rxe7 19. Kh2 Qf8 20. a3 Ba7 21. f4 Bc6 22. Rfe1 Rae8 23. Bb2 Bc5 24. Re2 Nd7 25. Rde1 Bd4 26. Nd5 Bxd5 27. Bxd4 Bc6 28. Re3 b6 29. Qc2 f6 30. b4 axb4 31. axb4 Qf7 32. c5 dxc5 33. bxc5 b5 34. e5 Bxg2 35. Qxg2 fxe5 36. fxe5 Qc4 37. Bb2 Nf8 38. c6 b4 39. Rc1 Qb5 40. Qe4 Ne6 41. Rd3 Rf7 42. Qe2 Ref8 43. Kg1 Rf2 0-1

[Event "Basque-ch"]
[Site "Getxo"]
[Date "2019.04.22"]
[Round "1"]
[White "Narciso Dublan, Marc"]
[Black "Munoz Avila, Jose Luis"]
[Result "1-0"]
[WhiteElo "2491"]
[BlackElo "2146"]
[PlyCount "53"]
[EventDate "2019.04.22"]
[EventType "swiss"]
[EventRounds "7"]
[EventCountry "ESP"]
[SourceTitle "CBM 190 Extra"]
[Source "ChessBase"]
[SourceDate "2019.07.15"]
[SourceVersion "1"]
[SourceVersionDate "2019.07.15"]
[SourceQuality "1"]

1. d4 Nf6 2. c4 e6 3. Nc3 d5 4. Bg5 Be7 5. e3 0-0 6. Nf3 c6 7. Qc2 a6 8. Rc1 Nbd7 9. cxd5 exd5 10. Bd3 Re8 11. 0-0 Nf8 12. h3 Ne4 13. Bf4 f5 14. Ne5 Ng6 15. Nxg6 hxg6 16. f3 Nxc3 17. bxc3 Bf6 18. e4 dxe4 19. fxe4 fxe4 20. Bxe4 Bxd4+ 21. Kh1 Bf6 22. Bxg6 Rf8 23. Qe2 Qa5 24. Bd6 Rd8 25. Rxf6 Qg5 26. Bf7+ Kh8 27. Bf4 1-0

[Event "Getxo op 3rd"]
[Site "Getxo"]
[Date "2018.09.09"]
[Round "3"]
[White "Munoz Avila, Jose Luis"]
[Black "Jimenez Almeida, Luis David"]
[Result "0-1"]
[WhiteElo "2168"]
[BlackElo "2237"]
[PlyCount "74"]
[EventDate "2018.09.08"]
[EventType "swiss"]
[EventRounds "9"]
[EventCountry "ESP"]
[SourceTitle "EXT 2020"]
[Source "ChessBase"]
[SourceDate "2019.10.17"]
[SourceVersion "1"]
[SourceVersionDate "2019.10.17"]
[SourceQuality "1"]

1. d4 Nf6 2. c4 c5 3. d5 b5 4. Qc2 Na6 5. a3 bxc4 6. e4 d6 7. Bxc4 Nc7 8. Nc3 g6 9. Nf3 Bg7 10. 0-0 0-0 11. Bf4 Nd7 12. Rfe1 Nb6 13. Nd2 e6 14. Qd3 Bd4 15. Nf3 Nxc4 16. Qxc4 e5 17. Bh6 Re8 18. Rab1 Bg4 19. Nxd4 cxd4 20. Nb5 Nxb5 21. Qxb5 g5 22. h4 gxh4 23. Qd3 Kh8 24. f4 f6 25. Qd2 Rg8 26. fxe5 dxe5 27. Kh2 Rg6 28. Rbc1 Bd7 29. Rc5 Qb6 30. b4 Rag8 31. Kh1 h3 32. gxh3 f5 33. Bf4 exf4 34. Qxf4 R6g7 35. e5 Qg6 36. Qf2 Qh5 37. Kh2 f4 0-1

[Event "San Sebastian Gros op 28th"]
[Site "San Sebastian"]
[Date "2018.06.23"]
[Round "2"]
[White "Vardan, Nagpal"]
[Black "Munoz Avila, Jose Luis"]
[Result "1-0"]
[WhiteElo "2468"]
[BlackElo "2183"]
[PlyCount "69"]
[EventDate "2018.06.22"]
[EventType "swiss"]
[EventRounds "9"]
[EventCountry "ESP"]
[SourceTitle "CBM 185 Extra"]
[Source "ChessBase"]
[SourceDate "2018.07.29"]
[SourceVersion "1"]
[SourceVersionDate "2018.07.29"]
[SourceQuality "1"]

1. e4 d6 2. d4 Nf6 3. Nc3 e5 4. Nf3 Nbd7 5. Bc4 Be7 6. 0-0 0-0 7. h3 c6 8. a4 a5 9. Ba2 exd4 10. Nxd4 Nc5 11. Qf3 Be6 12. Be3 Bxa2 13. Rxa2 g6 14. Rd1 Nfd7 15. Qg3 Kh8 16. Bf4 Nf6 17. Bh6 Re8 18. e5 Nfe4 19. Nxe4 Nxe4 20. Qf3 dxe5 21. Nxc6 Qxd1+ 22. Qxd1 bxc6 23. Qe1 f5 24. f3 Bc5+ 25. Be3 Bxe3+ 26. Qxe3 Nf6 27. Ra1 Rad8 28. Re1 Rd4 29. c3 Rd5 30. Qb6 e4 31. Qxc6 Kg7 32. fxe4 Rde5 33. b4 fxe4 34. b5 e3 35. b6 1-0

[Event "San Sebastian op 41st"]
[Site "San Sebastian"]
[Date "2018.03.26"]
[Round "4"]
[White "Forgas Moreno, Yaniela"]
[Black "Munoz Avila, Jose Luis"]
[Result "1-0"]
[WhiteElo "2245"]
[BlackElo "2055"]
[PlyCount "49"]
[EventDate "2018.03.24"]
[EventType "swiss"]
[EventRounds "9"]
[EventCountry "ESP"]
[SourceTitle "CBM 183 Extra"]
[Source "ChessBase"]
[SourceDate "2018.04.19"]
[SourceVersion "1"]
[SourceVersionDate "2018.04.19"]
[SourceQuality "1"]

1. e4 e5 2. Nf3 d6 3. d4 exd4 4. Nxd4 Nf6 5. Nc3 Be7 6. Be2 0-0 7. 0-0 Re8 8. f4 c5 9. Nb3 Nc6 10. Bf3 Bf8 11. Re1 a5 12. a4 Nb4 13. Nb5 d5 14. e5 c4 15. N3d4 Nd7 16. Be3 Nc5 17. Bf2 Bd7 18. f5 Qb6 19. Nc3 Bc6 20. e6 f6 21. Bh5 Re7 22. Re3 Rd8 23. Bf7+ Kh8 24. Rh3 h6 25. Qg4 1-0

[Event "San Sebastian op 40th"]
[Site "San Sebastian"]
[Date "2017.04.11"]
[Round "5"]
[White "Munoz Avila, Jose Luis"]
[Black "Fernandez Garcia, Francisco Jose"]
[Result "1-0"]
[WhiteElo "2100"]
[BlackElo "1871"]
[PlyCount "113"]
[EventDate "2017.04.08"]
[EventType "swiss"]
[EventRounds "9"]
[EventCountry "ESP"]
[SourceTitle "CBM 177 Extra"]
[Source "ChessBase"]
[SourceDate "2017.04.27"]
[SourceVersion "1"]
[SourceVersionDate "2017.04.27"]
[SourceQuality "1"]

1. Nf3 c5 2. c4 Nc6 3. d4 cxd4 4. Nxd4 e5 5. Nc2 Nf6 6. Nc3 Bc5 7. Be3 Bxe3 8. Nxe3 0-0 9. g3 d6 10. Bg2 Be6 11. 0-0 a6 12. Qd2 Rc8 13. Rfc1 Ng4 14. Nxg4 Bxg4 15. e3 Be6 16. Ne4 d5 17. cxd5 Bxd5 18. Qxd5 Qxd5 19. Nf6+ gxf6 20. Bxd5 Rfd8 21. Bxc6 bxc6 22. Rc2 Kg7 23. Rac1 Rd6 24. g4 Kg6 25. Kg2 f5 26. h3 fxg4 27. hxg4 h5 28. gxh5+ Kxh5 29. Rc5 f6 30. Ra5 Rb8 31. b3 Rb6 32. Kf3 Kg5 33. Rc4 Rd5 34. Rac5 Rd2 35. Rg4+ Kf5 36. Ra4 Ke6 37. Rca5 f5 38. Rxa6 e4+ 39. Kg2 Rxa6 40. Rxa6 Rb2 41. Rxc6+ Ke5 42. Ra6 Rb1 43. Ra5+ Kf6 44. Rb5 Kg5 45. a4 Kg4 46. Rb4 Rb2 47. a5 Ra2 48. Ra4 Rb2 49. a6 Rxb3 50. a7 f4 51. exf4 e3 52. a8Q e2 53. Qg8+ Kf5 54. Qg5+ Ke6 55. Qe5+ Kf7 56. Ra7+ Kg8 57. Qe8# 1-0

[Event "Barcelona Sants op-A18th"]
[Site "Barcelona"]
[Date "2016.08.21"]
[Round "3"]
[White "Munoz Avila, Jose Luis"]
[Black "Jaksland, Tim"]
[Result "1/2-1/2"]
[WhiteElo "2096"]
[BlackElo "2253"]
[PlyCount "61"]
[EventDate "2016.08.19"]
[EventType "swiss"]
[EventRounds "10"]
[EventCountry "ESP"]
[SourceTitle "CBM 174 Extra"]
[Source "ChessBase"]
[SourceDate "2016.10.10"]
[SourceVersion "1"]
[SourceVersionDate "2016.10.10"]
[SourceQuality "1"]

1. Nf3 Nf6 2. c4 g6 3. Nc3 c5 4. d4 cxd4 5. Nxd4 Nc6 6. e4 Bg7 7. Be3 Ng4 8. Qxg4 Nxd4 9. Qd1 Ne6 10. Rc1 Qa5 11. Qd2 b6 12. Be2 Bb7 13. f3 g5 14. 0-0 h5 15. Rfd1 d6 16. a3 h4 17. b4 Qxa3 18. Nb5 Qb2 19. Rc2 Qe5 20. c5 0-0 21. cxb6 axb6 22. Nc7 Nxc7 23. Rxc7 Ba6 24. b5 Bxb5 25. Bxb5 Qxb5 26. Rxe7 Qb3 27. Qd3 Qb2 28. Qd2 Qb3 29. Qd3 Qb2 30. Qd2 Qb3 31. Qd3 1/2-1/2

[Event "ESP-ch U16"]
[Site "Granada"]
[Date "2016.07.22"]
[Round "7"]
[White "Lopez Mulet, Inigo"]
[Black "Munoz Avila, Jose Luis"]
[Result "1-0"]
[WhiteElo "2348"]
[BlackElo "2074"]
[PlyCount "109"]
[EventDate "2016.07.18"]
[EventType "swiss"]
[EventRounds "9"]
[EventCountry "ESP"]
[SourceTitle "EXT 2024"]
[Source "ChessBase"]
[SourceDate "2023.10.10"]
[SourceVersion "1"]
[SourceVersionDate "2023.10.10"]
[SourceQuality "1"]

1. d4 Nf6 2. c4 e5 3. dxe5 Ng4 4. Bf4 g5 5. Bd2 Nxe5 6. Nf3 Nbc6 7. Nxg5 Qe7 8. e4 d6 9. Nc3 h6 10. Nd5 Qd8 11. Nf3 Bg7 12. Bc3 Rg8 13. Be2 Nxf3+ 14. Bxf3 Ne5 15. Be2 c6 16. Ne3 Qf6 17. Qc2 Bd7 18. g3 Qe7 19. 0-0-0 0-0-0 20. f4 Ng6 21. Bxg7 Rxg7 22. Rhe1 Rgg8 23. Bf3 Qf6 24. Ng4 Bxg4 25. Bxg4+ Kb8 26. Bf5 Ne7 27. Bh3 c5 28. e5 dxe5 29. Rxe5 Rxd1+ 30. Qxd1 Nc6 31. Rxc5 Re8 32. Rd5 Qe7 33. Bd7 Qe3+ 34. Qd2 Qg1+ 35. Kc2 Re4 36. Bxc6 Rxc4+ 37. Kb3 Rxc6 38. Rd8+ Kc7 39. Qd7+ Kb6 40. Qd4+ Qxd4 41. Rxd4 Re6 42. Rd7 Re2 43. Rd6+ Kc5 44. Rxh6 Re3+ 45. Kc2 Rf3 46. Rh8 b5 47. Rc8+ Kb6 48. Rd8 Rf2+ 49. Rd2 Rf3 50. Rg2 Re3 51. h4 f5 52. h5 Re6 53. g4 Re4 54. g5 Rxf4 55. g6 1-0

[Event "ESP-ch U16"]
[Site "Salobrena"]
[Date "2015.07.22"]
[Round "4"]
[White "Munoz Avila, Jose Luis"]
[Black "Alfaya Marcelo, Roberto"]
[Result "0-1"]
[WhiteElo "1908"]
[BlackElo "2097"]
[PlyCount "72"]
[EventDate "2015.07.20"]
[EventType "swiss"]
[EventRounds "9"]
[EventCountry "ESP"]
[SourceTitle "EXT 2016"]
[Source "ChessBase"]
[SourceDate "2015.10.08"]
[SourceVersion "1"]
[SourceVersionDate "2015.10.08"]
[SourceQuality "1"]

1. d4 Nf6 2. c4 c5 3. d5 b5 4. Nd2 bxc4 5. e4 e6 6. Bxc4 exd5 7. exd5 d6 8. Ne2 Be7 9. 0-0 0-0 10. h3 Nbd7 11. Nf3 Rb8 12. Qd3 Nb6 13. Rd1 Nxc4 14. Qxc4 Bf5 15. Nc3 Rb4 16. Qe2 Ne4 17. Nxe4 Rxe4 18. Qa6 Qb8 19. Be3 Bf6 20. Rab1 Rb4 21. b3 Bxb1 22. Rxb1 Qb6 23. Qe2 Re8 24. Qc2 Qd8 25. Rd1 Qe7 26. Nd2 Bg5 27. Bxg5 Qxg5 28. Nc4 Qf4 29. g3 Qf6 30. Kg2 Rb7 31. Rd2 Rbe7 32. Ne3 g6 33. Qc4 Kg7 34. b4 cxb4 35. Qxb4 Rc8 36. Nc4 Re4 0-1

[Event "San Sebastian op 38th"]
[Site "San Sebastian"]
[Date "2015.03.28"]
[Round "1"]
[White "Iagar, Razvan Gabriel"]
[Black "Munoz Avila, Jose Luis"]
[Result "1-0"]
[WhiteElo "2189"]
[BlackElo "1764"]
[PlyCount "67"]
[EventDate "2015.03.28"]
[EventType "swiss"]
[EventRounds "9"]
[EventCountry "ESP"]
[SourceTitle "CBM 165 Extra"]
[Source "ChessBase"]
[SourceDate "2015.04.21"]
[SourceVersion "1"]
[SourceVersionDate "2015.04.21"]
[SourceQuality "1"]

1. d4 d5 2. c4 e6 3. Nf3 Nf6 4. g3 Be7 5. Bg2 0-0 6. 0-0 b6 7. Ne5 Bb7 8. Qa4 Qc8 9. Nc3 dxc4 10. Qxc4 Bxg2 11. Kxg2 Qb7+ 12. f3 c5 13. Rd1 cxd4 14. Rxd4 Rc8 15. Qa4 Nc6 16. Nxc6 Rxc6 17. e4 a6 18. Qd1 Rac8 19. Bf4 b5 20. Rc1 Qb6 21. Rd3 Ne8 22. Ne2 Rxc1 23. Nxc1 Rc6 24. Ne2 f6 25. Be3 Qc7 26. Rd7 Qe5 27. Rxe7 Nd6 28. Qd4 Kf8 29. Qxe5 fxe5 30. Rxe6 Kf7 31. Rxe5 Nc4 32. Rf5+ Rf6 33. Rxf6+ gxf6 34. Bd4 1-0

[Event "San Sebastian Gros op 24th"]
[Site "San Sebastian"]
[Date "2014.09.22"]
[Round "3"]
[White "Munoz Avila, Jose Luis"]
[Black "Del Rey, Diego"]
[Result "0-1"]
[WhiteElo "1735"]
[BlackElo "2365"]
[PlyCount "58"]
[EventDate "2014.09.21"]
[EventType "swiss"]
[EventRounds "9"]
[EventCountry "ESP"]
[SourceTitle "EXT 2015"]
[Source "ChessBase"]
[SourceDate "2014.11.20"]
[SourceVersion "1"]
[SourceVersionDate "2014.11.20"]
[SourceQuality "1"]

1. d4 d5 2. c4 Bf5 3. Nc3 e6 4. Bf4 c6 5. e3 Qb6 6. Qc1 Nf6 7. Nf3 Nbd7 8. Be2 Bb4 9. 0-0 0-0 10. a3 Bxc3 11. Qxc3 Ne4 12. Qc1 c5 13. cxd5 exd5 14. Qd1 Qxb2 15. Rb1 Qxa3 16. Rxb7 Nc3 17. Qd2 Nxe2+ 18. Qxe2 Bd3 19. Qd2 Bxf1 20. Rxd7 Bc4 21. Bd6 Qa1+ 22. Ne1 Rfd8 23. Rxd8+ Rxd8 24. dxc5 a5 25. h3 h6 26. Kh2 Ra8 27. Nf3 Qa2 28. Qd4 Qxf2 29. Qg4 Be2 0-1

[Event "Valencia Virgen 20th"]
[Site "Valencia"]
[Date "2014.08.30"]
[Round "1.4"]
[White "Munoz Avila, Jose Luis"]
[Black "Kovacevic, Slobodan"]
[Result "0-1"]
[WhiteElo "1735"]
[BlackElo "2354"]
[PlyCount "56"]
[EventDate "2014.08.30"]
[EventType "swiss"]
[EventRounds "9"]
[EventCountry "ESP"]
[SourceTitle "EXT 2024"]
[Source "ChessBase"]
[SourceDate "2023.10.10"]
[SourceVersion "1"]
[SourceVersionDate "2023.10.10"]
[SourceQuality "1"]

1. d4 Nf6 2. c4 e6 3. Nf3 c5 4. Nc3 cxd4 5. Nxd4 a6 6. e4 Qc7 7. Be2 b6 8. Be3 Bb7 9. f3 Bd6 10. g3 Be7 11. Qd2 d6 12. 0-0 Nbd7 13. Rac1 0-0 14. Rfd1 Rac8 15. Qc2 Rfe8 16. Rd2 Qb8 17. Qd1 Ne5 18. Na4 Nfd7 19. Nb3 Ba8 20. f4 Nxc4 21. Bxc4 b5 22. Bd3 bxa4 23. Rxc8 Rxc8 24. Na1 Qb4 25. Bxa6 Qxe4 26. Bxc8 Qxe3+ 27. Rf2 Nc5 28. Qe2 Qd4 0-1